00771nam a2200205Ia 4500003000900000008004100009020002200050040001600072080002200088245020400110260003000314300001400344490004700358650002700405650002400432650003100456700002800487700002600515700002400541IN-BaIIA211028s9999 xx 000 0 eng d a978-1-4020-5424-2 cIIA Library a524.5(082.1)bDIF 0aDiffuse matter from star forming regions to active galaxiesba volume honouring John Dysoncedited by T. W. Hartquist, J. M. Pittard and S. A. E. G. Falle  aDordrechtbSpringerc2007 axx, 342p. aAstrophysics and space science proceedings aActive galactic nuclei aGalaxies-Congresses aStars formation-Congresses aFalle, S. A. E. G., ed. aHartquist, T. W., ed. aPittard, J. M., ed.